| 000 | 01070nam a2200265 a 4500 | ||
|---|---|---|---|
| 005 | 20231011063625.0 | ||
| 008 | 991125s1999 mx 000 0 spa u | ||
| 020 | _a9701828305 (3a ed.) | ||
| 020 | _a9701843851 (4a ed.) | ||
| 035 | _aUPN01000123971 | ||
| 049 | _aLTG | ||
| 050 | 4 |
_aLB2002 A1 _bB3.2 1999 |
|
| 245 | 0 | 0 |
_aBases filosóficas, legales y organizativas del sistema educativo mexicano : _bprograma y materiales de apoyo para el estudio : Licenciatura en Educación Primaria : primer semestre. |
| 250 | _a3a ed. | ||
| 260 |
_aMéxico : _bSEP, _c1999. |
||
| 300 | _a78 p. | ||
| 440 | 0 | _aPrograma para la Transformación y el Fortalecimiento Académicos de las Escuelas Normales | |
| 500 | _a"Ciclo escolar 1999-2000" | ||
| 500 | _a"4a ed. 2000" (reimpresión) | ||
| 650 | 4 |
_aEducación _xInvestigación _zMéxico _99022 |
|
| 650 | 4 |
_aEDUCACION - _zMEXICO - _xESTUDIO Y ENSEÑANZA _917630 |
|
| 650 | 4 |
_aEducación superior _zMéxico _xPlanes y programas _91547 |
|
| 710 | 1 |
_aMéxico. _bSubsecretaría de Educación Básica y Normal _927954 |
|
| 905 | _aLibro | ||
| 999 |
_c96150 _d96150 |
||